|
|
|
|
| LEADER |
00000nam0a2200000 4500 |
| 001 |
363470 |
| 005 |
20231102011607.0 |
| 035 |
|
|
|a (RuTPU)RU\TPU\retro\20817
|
| 090 |
|
|
|a 363470
|
| 100 |
|
|
|a 20211001d1980 k y0rusy50 ca
|
| 101 |
0 |
|
|a rus
|
| 102 |
|
|
|a RU
|
| 105 |
|
|
|a a z 001zy
|
| 200 |
1 |
|
|a Геофизические методы поисков и разведки рудных и нерудных месторождений
|e межвузовский научно-технический сборник
|f Свердловский горный институт им. В. В. Вахрушева ; под ред. Г. И. Гринкевича
|
| 210 |
|
|
|a Свердловск
|c Изд-во СГИ
|d 1980
|
| 215 |
|
|
|a 129 с.
|c ил.
|
| 320 |
|
|
|a Библиогр. в конце ст.
|
| 606 |
1 |
|
|a Рудные месторождения
|x Поиски и разведка
|x Геофизическая разведка
|2 stltpush
|3 (RuTPU)RU\TPU\subj\25959
|9 49990
|
| 606 |
1 |
|
|a Неметаллические полезные ископаемые
|x Месторождения
|x Петрография
|2 stltpush
|3 (RuTPU)RU\TPU\subj\72220
|9 85788
|
| 606 |
1 |
|
|a Геофизика прикладная
|2 stltpush
|3 (RuTPU)RU\TPU\subj\6256
|9 34184
|
| 610 |
1 |
|
|a разведочная геофизика
|
| 610 |
1 |
|
|a полевые работы
|
| 610 |
1 |
|
|a камеральные работы
|
| 610 |
1 |
|
|a геологическая интерпретация
|
| 610 |
1 |
|
|a геофизические исследования
|
| 675 |
|
|
|a 553.3/.4:550.83
|v 4
|
| 675 |
|
|
|a 553.6
|v 4
|
| 675 |
|
|
|a 550.83
|v 4
|
| 702 |
|
1 |
|a Гринкевич
|b Г. И.
|4 340
|
| 712 |
0 |
2 |
|a Свердловский горный институт им. В. В. Вахрушева
|c (1934-1991)
|2 stltpush
|3 (RuTPU)RU\TPU\col\6743
|9 24264
|
| 801 |
|
1 |
|a RU
|b 63413507
|c 20211001
|
| 801 |
|
2 |
|a RU
|b 63413507
|c 20211202
|g RCR
|
| 942 |
|
|
|c BK
|